Alex Pereira - UFC Opponents - Statistics

General Stats
  • This quiz has been taken 87 times
    25 since last reset
  • The average score is 10 of 12
Answer Stats
Date W/L/D Opponent % Correct
08/04/23 LOSS - KO - R2 [C] Israel Adesanya
100%
12/11/22 WIN - TKO - R5 [C] Israel Adesanya
100%
04/10/25 WIN - TKO - R1 [C] Magomed Ankalaev
100%
08/03/25 LOSS - U/DEC - R5 [C] Magomed Ankalaev
100%
29/06/24 WIN - KO - R2 [C] Jiri Prochazka
95%
11/11/23 WIN - TKO - R2 [C] Jiri Prochazka
95%
13/04/24 WIN - KO - R1 [C] Jamahal Hill
90%
02/07/22 WIN - TKO - R1 Sean Strickland
90%
05/10/24 WIN - KO - R4 [C] Khalil Rountree
81%
29/07/23 WIN - S/DEC - R3 Jan Blachowicz
71%
06/11/21 WIN - KO - R2 Andreas Michailidis
24%
12/03/22 WIN - U/DEC - R3 Bruno Silva
24%
No matching quizzes found
Score Distribution
Percent of People with Each Score
Percentile by Number Answered
Your Score History
You have not taken this quiz since the last reset